[Event "DVM U20w 2016"]
[Site "Borken-Gemen GER"]
[Date "2016.12.27"]
[Round "2"]
[White "Reich, Kristina"]
[Black "Flach, Helene"]
[Result "0-1"]
[Termination "normal"]
[Board "3.2"]
[WhiteElo "1618"]
[BlackElo "1815"]
[WhiteTeam "Hamburger SK"]
[BlackTeam "SK Langen"]
[PlyCount "46"]
[WhiteFideId "12964719"]
[BlackFideId "12929735"]
[EventCountry "GER"]
[EventRounds "7"]
[EventType "team-swiss"]
[EventDate "2016.12.26"]

1.e4 c5 2.Ne2 e6 3.Nbc3 a6 4.g3 b5 5.Bg2 Bb7 6.O-O Qc7 7.d4 cxd4 8.Nxd4 Nf6
9.a3 d6 10.Be3 Be7 11.f4 Nbd7 12.Re1 Nb6 13.Bf2 O-O 14.e5 dxe5 15.Rxe5 Bxg2
16.Kxg2 Nc4 17.Re1 Nxb2 18.Qe2 Qxc3 19.Qe5 Nd5 20.Qe4 Rfd8 21.Ne2 Qc7 22.Bd4
Bf6 23.Bxf6 Nxf6 0-1

[Event "DVM U20w 2016"]
[Site "Borken-Gemen GER"]
[Date "2016.12.27"]
[Round "2"]
[White "Silber, Stefanie"]
[Black "Leinemann, Vivien S."]
[Result "0-1"]
[Termination "normal"]
[Board "3.3"]
[WhiteElo "1708"]
[BlackElo "1627"]
[WhiteTeam "SK Langen"]
[BlackTeam "Hamburger SK"]
[PlyCount "116"]
[WhiteFideId "12918245"]
[BlackFideId "16208536"]
[EventCountry "GER"]
[EventRounds "7"]
[EventType "team-swiss"]
[EventDate "2016.12.26"]

1.e4 c5 2.Nf3 e6 3.Nc3 a6 4.d4 cxd4 5.Nxd4 Qc7 6.Bd3 Nf6 7.O-O Be7 8.Be3 O-O
9.f3 Nc6 10.Nce2 b5 11.c3 Bb7 12.a4 b4 13.Qd2 bxc3 14.Qxc3 Rfc8 15. Rac1 Qd8
16.Qd2 Ne5 17.Rfd1 Nxd3 18.Qxd3 d5 19.e5 Nd7 20.Qb3 Qb6 21.Qxb6 Nxb6 22.b3 Nd7
23.f4 Bc5 24.Bf2 Ba7 25.Rc3 Rxc3 26.Nxc3 Rc8 27.Rc1 Nc5 28. Rc2 Nd3 29.Be3 Nxf4
30.Kf2 Nd3+ 31.Ke2 Nxe5 32.h3 Bxd4 33.Bxd4 Nc6 34.Bf2 Nb4 35.Rc1 e5 36.Kd2 d4
37.Nd1 Rxc1 38.Kxc1 Nd3+ 39.Kd2 Nxf2 40.Nxf2 Bxg2 41.h4 f6 42.Nd3 Bb7 43.Nc5
Bc8 44.b4 Kf7 45.b5 axb5 46.axb5 Ke7 47.b6 g5 48.hxg5 fxg5 49.b7 Bxb7 50.Nxb7
Kf6 51.Nd6 h5 52.Kd3 h4 53.Ke4 Ke6 54.Nf5 h3 55.Ng3 g4 56.Nf5 h2 57.Ng3 Kf6
58.Nh1 Kg5 0-1

[Event "DVM U20w 2016"]
[Site "Borken-Gemen GER"]
[Date "2016.12.27"]
[Round "2"]
[White "Reiter, Nicole"]
[Black "Hietala, Netta"]
[Result "1/2-1/2"]
[Termination "normal"]
[Board "3.4"]
[WhiteElo "1296"]
[BlackElo "1008"]
[WhiteTeam "Hamburger SK"]
[BlackTeam "SK Langen"]
[PlyCount "118"]
[WhiteFideId "16212126"]
[BlackFideId "12964743"]
[EventCountry "GER"]
[EventRounds "7"]
[EventType "team-swiss"]
[EventDate "2016.12.26"]

1.e4 e5 2.Nf3 Nc6 3.Bc4 Bc5 4.c3 Nf6 5.d3 d6 6.O-O b6 7.Nbd2 O-O 8.Re1 Bb7 9.b4
d5 10.exd5 Nxb4 11.cxb4 Bxb4 12.Qb3 Bc5 13.Nxe5 Nxd5 14.Nf1 Bd4 15. Rb1 c6
16.Ng3 Qc7 17.Bb2 Bc5 18.Qd1 b5 19.Bxd5 cxd5 20.Rc1 Qd6 21.Qg4 Bc8 22.Nf5 Bxf5
23.Qxf5 Rad8 24.Qg4 f6 25.Nf3 Qb6 26.Bd4 Bxd4 27.Nxd4 Rf7 28. Rc8 g6 29.Re8+
Rxe8 30.Rxe8+ Rf8 31.Rxf8+ Kxf8 32.Kf1 f5 33.Qf4 Qa5 34. Qd6+ Kg7 35.Qxd5 a6
36.Nc6 Qc7 37.Qe5+ Qxe5 38.Nxe5 Kf6 39.Nc6 g5 40.Ke2 g4 41.f3 h5 42.h4 f4 43.d4
Ke6 44.Kd3 Kd6 45.Ne5 a5 46.fxg4 hxg4 47.h5 f3 48.gxf3 g3 49.h6 g2 50.h7 g1=Q
51.h8=Q Qf1+ 52.Ke4 Qb1+ 53.Nd3 Qxa2 54. Qf6+ Qe6+ 55.Qxe6+ Kxe6 56.Nb2 a4
57.Nxa4 bxa4 58.Kd3 a3 59.Kc2 Kd5 1/2-1/2

[Event "DVM U20w 2016"]
[Site "Borken-Gemen GER"]
[Date "2016.12.27"]
[Round "2"]
[White "Wolff, Marie Antoinette"]
[Black "Gamisch, Laura"]
[Result "0-1"]
[Termination "normal"]
[Board "4.1"]
[WhiteElo "1771"]
[BlackElo "1800"]
[WhiteTeam "Leegebrucher SF"]
[BlackTeam "TSV Forstenried"]
[PlyCount "80"]
[WhiteFideId "12908258"]
[BlackFideId "24615161"]
[EventCountry "GER"]
[EventRounds "7"]
[EventType "team-swiss"]
[EventDate "2016.12.26"]

1.c4 e6 2.Nf3 d5 3.cxd5 exd5 4.g3 Nf6 5.Bg2 Bc5 6.O-O O-O 7.d4 Bd6 8.Nc3 c6
9.Bg5 Bf5 10.Nh4 Bg4 11.Qc2 Be7 12.Nf5 Bxf5 13.Qxf5 h6 14.Bf4 Re8 15. Qd3 Bb4
16.Rab1 Nbd7 17.a3 Bxc3 18.bxc3 Nb6 19.Rfc1 Qe7 20.Re1 Qxa3 21.Bd2 Ne4 22.Ra1
Qe7 23.f3 Nxd2 24.Qxd2 Qe3+ 25.Qxe3 Rxe3 26.Rac1 Nc4 27.Bh3 a5 28.Bf5 Rae8
29.Bd3 Nb2 30.Kf2 Nxd3+ 31.exd3 Rxe1 32.Rxe1 Rxe1 33.Kxe1 Kf8 34.Kd2 b5 35.Kc2
Ke7 36.Kb3 Ke6 37.h3 Kf5 38.c4 b4 39.Ka4 h5 40.Kb3 g5 0-1

[Event "DVM U20w 2016"]
[Site "Borken-Gemen GER"]
[Date "2016.12.27"]
[Round "2"]
[White "Pietsch, Virginia-Atlanta"]
[Black "Alferova, Ekaterina"]
[Result "0-1"]
[Termination "normal"]
[Board "4.3"]
[WhiteElo "904"]
[BlackElo "1415"]
[WhiteTeam "Leegebrucher SF"]
[BlackTeam "TSV Forstenried"]
[PlyCount "56"]
[WhiteFideId "16235053"]
[BlackFideId "16217250"]
[EventCountry "GER"]
[EventRounds "7"]
[EventType "team-swiss"]
[EventDate "2016.12.26"]

1.d4 Nf6 2.Nf3 d6 3.c4 g6 4.Nc3 Bg7 5.Bg5 Nbd7 6.e4 O-O 7.Bd3 h6 8.Bh4 a6 9.O-O
e5 10.d5 a5 11.b3 Nc5 12.Bc2 Bd7 13.Rb1 Qc8 14.b4 axb4 15.Rxb4 Nh5 16.Ba4 Bxa4
17.Nxa4 Nxe4 18.Qe2 f5 19.Nb2 Rxa2 20.Ra4 Nc3 21.Qe3 Nxa4 22. Nd3 Rc2 23.Nd2 e4
24.Nb4 Rc3 25.Qe2 Nf4 26.Qe1 Rc1 27.Qe3 Rxf1+ 28.Nxf1 Nd3 0-1

[Event "DVM U20w 2016"]
[Site "Borken-Gemen GER"]
[Date "2016.12.27"]
[Round "2"]
[White "Krastina, Alma"]
[Black "Mylke, Sandy-Michelle"]
[Result "1-0"]
[Termination "normal"]
[Board "4.4"]
[WhiteElo "1533"]
[BlackElo "1061"]
[WhiteTeam "TSV Forstenried"]
[BlackTeam "Leegebrucher SF"]
[PlyCount "43"]
[WhiteFideId "16222105"]
[BlackFideId "16235045"]
[EventCountry "GER"]
[EventRounds "7"]
[EventType "team-swiss"]
[EventDate "2016.12.26"]

1.e4 e5 2.Nf3 Nc6 3.d4 Bd6 4.Bc4 Nf6 5.Nc3 O-O 6.Bg5 b6 7.Nd5 Be7 8.dxe5 Nxe4
9.Nxe7+ Nxe7 10.Bh4 d6 11.Bd5 Rb8 12.Bxe4 Ba6 13.exd6 cxd6 14.b3 Re8 15.Kd2 Qc7
16.Ng5 g6 17.Qf3 Rf8 18.Qf6 d5 19.Bg3 Qd8 20.Be5 dxe4+ 21.Kc1 Nf5 22.Qh8# 1-0